Подробности
| 000 -МАРКЕР |
| контрольное поле |
01653nam0a22003851 4500 |
| 001 - ИДЕНТИФИКАТОР ЗАПИСИ |
| контрольное поле |
RU\NLR\INFOCOMM_195\5000064660 |
| 005 - ИДЕНТИФИКАТОР ВЕРСИИ |
| контрольное поле |
20260406104620.0 |
| 035 ## - ДРУГИЕ СИСТЕМНЫЕ НОМЕРА |
| Идентификатор записи |
(NLR Aleph) 009292942 |
| 100 ## - ДАННЫЕ ОБЩЕЙ ОБРАБОТКИ |
| Данные общей обработки |
20101006d1987 u y0rusy50 ca |
| 101 1# - ЯЗЫК РЕСУРСА |
| Язык текста, звукозаписи и т.д. |
французский |
| 102 ## - СТРАНА ПУБЛИКАЦИИ ИЛИ ПРОИЗВОДСТВА |
| Страна публикации |
российская федерация |
| 105 ## - ПОЛЕ КОДИРОВАННЫХ ДАННЫХ: ТЕКСТОВЫЕ МАТЕРИАЛЫ, МОНОГРАФИЧЕСКИЕ |
| Кодированные данные о монографическом текстовом документе |
a ||||000|y |
| 200 1# - ЗАГЛАВИЕ И СВЕДЕНИЯ ОБ ОТВЕТСТВЕННОСТИ |
| Основное заглавие |
L'Ermitage |
| Сведения, относящиеся к заглавию |
[Album |
| Первые сведения об ответственности |
Réd. générale de B. Piotrovski, membre de l'Acad. |
| Последующие сведения об ответственности |
Trad. fr. de Dominique Maliarevitch-Millot et Olga Mandryka] |
| 210 ## - ПУБЛИКАЦИЯ, РАСПРОСТРАНЕНИЕ И ДР. |
| Место издания, распространения и т.д. |
L. |
| Имя издателя, распространителя и т. д. |
Aurora |
| Дата издания, распространения и т.д. |
1987 |
| 215 ## - ФИЗИЧЕСКАЯ ХАРАКТЕРИСТИКА |
| Специфическое обозначение материала и объем |
391 с. |
| Другие сведения о физической характеристике |
ил., цв. ил. |
| Размеры |
33 см |
| 300 ## - ОБЩИЕ ПРИМЕЧАНИЯ |
| Текст примечания |
В вып. дан.: Эрмитаж: Альбом |
| 327 1# - ПРИМЕЧАНИЯ О СОДЕРЖАНИИ |
| Текст примечания |
Разделы: Culture primitive.- Art antique.- Art de l'Orient.- Art d'Europe occidentale.- Culture russe.- Numismatique |
| 464 #0 - АНАЛИТИЧЕСКИЙ УРОВЕНЬ |
| Встроенное поле |
2001#$aCulture primitive |
| Заглавие |
Culture primitive |
| 464 #0 - АНАЛИТИЧЕСКИЙ УРОВЕНЬ |
| Встроенное поле |
2001#$aArt antique |
| Заглавие |
Art antique |
| 464 #0 - АНАЛИТИЧЕСКИЙ УРОВЕНЬ |
| Встроенное поле |
2001#$aArt de l'Orient |
| Заглавие |
Art de l'Orient |
| 464 #0 - АНАЛИТИЧЕСКИЙ УРОВЕНЬ |
| Встроенное поле |
2001#$aArt d'Europe occidentale |
| Заглавие |
Art d'Europe occidentale |
| 464 #0 - АНАЛИТИЧЕСКИЙ УРОВЕНЬ |
| Встроенное поле |
2001#$aCulture russe |
| Заглавие |
Culture russe |
| 464 #0 - АНАЛИТИЧЕСКИЙ УРОВЕНЬ |
| Встроенное поле |
2001#$aNumismatique |
| Заглавие |
Numismatique |
| 606 ## - НАИМЕНОВАНИЕ ТЕМЫ КАК ПРЕДМЕТ |
| Наименование темы |
Искусство |
| Географический подзаголовок |
Гос. Эрмитаж, Ленинград |
| Тематический подзаголовок |
Собрания |
| Код системы |
nlr_sh1 |
| 686 ## - ИНДЕКСЫ ДРУГИХ КЛАССИФИКАЦИЙ |
| Индекс |
Щ103(0)л61 |
| Код системы |
|
| 686 ## - ИНДЕКСЫ ДРУГИХ КЛАССИФИКАЦИЙ |
| Индекс |
Щ101.3(2Р)-2Л-д2Эрмитаж |
| Код системы |
|
| 702 #1 - ИМЯ ЛИЦА - ВТОРИЧНАЯ ОТВЕТСТВЕННОСТЬ |
| Код отношения |
Автор |
| Материалы, к которым относится поле |
rus |
| Графика поля |
Латинская |
| Начальный элемент ввода |
Piotrovskij |
| Часть имени, кроме начального элемента ввода |
B. B. |
| Даты |
1908-1990 |
| Расширение инициалов личного имени |
Boris Borisovič |
| Идентификатор авторитетной/нормативной записи |
RU\NLR\auth\775178 |
| Системный номер авторитетной/нормативной записи |
115146 |
| 710 02 - НАИМЕНОВАНИЕ ОРГАНИЗАЦИИ - ПЕРВИЧНАЯ ОТВЕТСТВЕННОСТЬ |
| Код отношения |
Автор |
| Начальный элемент ввода |
Ermitage |
| Идентифицирующий признак |
Léningrad |
| Материалы, к которым относится поле |
fre |
| Графика поля |
Латинская |
| Идентификатор авторитетной/нормативной записи |
RU\NLR\AUTH\883315 |
| Системный номер авторитетной/нормативной записи |
277861 |
| 790 #1 - ИМЯ ЛИЦА - АЛЬТЕРНАТИВНАЯ ФОРМА |
| Системный номер авторитетной/нормативной записи |
z01702 |
| Начальный элемент ввода |
Piotrovski |
| Часть имени, кроме начального элемента ввода |
B. |
| Код отношения |
Редактор |
| 801 #0 - ИСТОЧНИК ЗАПИСИ |
| Страна |
российская федерация |
| Организация |
NLR |
| Правила каталогизации |
PSBO |
| 801 #1 - ИСТОЧНИК ЗАПИСИ |
| Страна |
российская федерация |
| Организация |
NLR |
| Дата составления |
20101006 |
| 852 ## - МЕСТОНАХОЖДЕНИЕ И ШИФР ХРАНЕНИЯ |
| Идентификатор организации |
NLR |
| Шифр хранения (Call Number) |
Э АлИс134/2-Л452 |
| 942 ## - ДОПОЛНИТЕЛЬНЫЕ ЭЛЕМЕНТЫ ЗАПИСИ (АБИС) |
| Тип экземпляра АБИС |
Книга |
| 980 ## - КОЛЛЕКЦИЯ |
| Название коллекции |
Национальная библиография |